| 000 | 00780cab a2200217 4500 | ||
|---|---|---|---|
| 001 | X3074 | ||
| 008 | 090401t1996 xxu||||| |||| 00| 0 eng d | ||
| 035 | _a(Sirsi) u28339 | ||
| 041 | _aeng | ||
| 245 | _aHounslow nd Ealing LBC`a application | ||
| 260 | _c1996 | ||
| 350 | _a0 | ||
| 490 |
_aProperty and Compensation Reports _v1996 71 P&CR 100-103(4) |
||
| 520 | _aLT 24 July 1995. Discharge or modification of restrictive covenants. Exclusion of small areas of parkland from public interest. Forbidden under covenant. Whether impeding use contrary to public interest. (Headnote from abstract). | ||
| 650 | _aCONTRARY TO PUBLIC INTEREST | ||
| 650 | _aPARK | ||
| 650 | _aRESTRICTIVE COVENANTS | ||
| 690 | _aPROPERTY LAW AND PRACTICE | ||
| 942 | _n0 | ||
| 948 | _c04/03/1997 | ||
| 999 |
_c19096 _d19096 |
||